000 03303nam0a2200433 4500
001 RU\NLR\BIBL_A\022009052
005 20230919100616.0
010 _a978-5-9614-8759-6
010 _a978-5-9614-7768-9
_92000
021 _aRU
_bКН-П-23-045706
_9КН-П-23-4573
035 _a(NLR Aleph) 022009052
035 _a(RuMoRGB)011949130
090 _a12478214
_c12478214
100 _a20230822d2023 u y0rusy50 ca
101 0 _arus
102 _aRU
105 _aa z 000ay
181 0 _ai3
_baxxe
181 0 _ab2
_bxb2e
182 1 _an
200 1 _aБольшой поход
_iПриключения на озере
_e[для чтения взрослыми детям]
_fАлександр Банников, Иван Черкашин, Наталия Степанова
_gнарисовала Ксения Шаоршадзе
203 _aТекст
_aИзображение
_bвизуальные
_cнепосредственные
210 _aМосква
_cАльпина дети
_cАльпина паблишер
_d2023
215 _a61, [1] с.
_cцв. ил.
_d27
225 1 _aСерия "Большой поход"
300 _aДоп. информ. в ссылках QR-кодов кн.
330 _aПриключения пятерых ребят и их пап на природе! История начинается с того, что команда путеше- ственников решает разбить лагерь на берегу лесного озера. Пока мальчики ставят палатку, девочки отправляются к ручью за водой для приготовления обеда. Как же велик соблазн хоть ненадолго оку- нуться в прохладную воду! Но разве можно купаться без присмотра взрослых?... Маленькие читатели узнают, как правильно вести себя на воде, чтобы не случилось беды. А еще о том, как безопасно взаимодействовать с костром, фильтровать воду, вязать самые разные узлы, ловить рыбу и главное - почему важно слушаться взрослых, находясь на природе. Родители тоже почерпнут кое-что полезное для себя: специальные разделы "Разговор с тьюторомN расскажут им, как организовать детский досуг на природе и не сойти с ума
333 _a6+
606 1 _aТуристские походы
_jИздания для детей
_xПодготовка и проведение
_91817230
_3RU\NLR\AUTH\661113087
686 0 _aШ9
_bЧ5
700 1 _aБанников
_bА.
_f1961-
_gАлександр
701 1 _aЧеркашин
_bИ.
_gИван
701 1 _7ca
_8rus
_aСтепанова
_bН.
_cдет. писатель
_gНаталия
_9259672
_3RU\NLR\AUTH\770259728
701 1 _aШаоршадзе
_bК.
_gКсения
_4040
942 _cBOOK
980 _aNB